|
|
|
|
| LEADER |
00000nab a2200000 ar4500 |
| 001 |
vtls009006302 |
| 003 |
SK-MaSNL |
| 005 |
20260303065732.0 |
| 008 |
070711c2007 xo wr|p|||||||000 b|slo |
| 015 |
|
|
|a SNBRB2007/07
|2 snkbucl
|
| 038 |
|
|
|a SNKBUCL
|
| 040 |
|
|
|a SNKBUCL
|b slo
|c SNKBUCL
|e AACR2
|
| 041 |
|
|
|a slo
|
| 044 |
|
|
|a xo
|c SK
|
| 080 |
|
|
|a 791.44.071.2
|2 1997
|
| 100 |
1 |
|
|a Vargová, Eva
|c (redaktorka)
|4 ivr
|9 6967
|
| 245 |
1 |
0 |
|a Maroš Kramár: "Život mi organizujú druhí"
|c Eva Vargová
|
| 300 |
|
|
|b Fotogr.
|
| 600 |
1 |
7 |
|a Kramár, Maroš,
|d 1959-
|2 snkbucl
|9 202871
|
| 700 |
1 |
|
|a Kramár, Maroš,
|d 1959-
|4 ive
|9 202871
|
| 773 |
0 |
|
|t Markíza
|g Roč. X, č. (2007), s.
|x 1335-2776
|
| 852 |
|
|
|a SNK
|b KIS3GCP
|
| 958 |
|
|
|a BX
|
| 999 |
|
|
|c 1752422
|d 1754352
|